Southville International School and Colleges
Your cart is empty.
  • Cart
  • Lists
    Public lists Eva Luna New books Lux_list list_1
    Your lists Log in to create your own lists
  • Log in to your account
  • Your cookies
  • Search history
Southville International School and Colleges
  • Advanced search
  • Recent comments
  • Most popular
  • Libraries

Log in to your account

Log in with GOOGLE


If you do not have an external account, but do have a local account, you can still log in:

  1. Home
  2. MARC view: Engaging in narrative inquiry /
Normal view MARC view ISBD view

Engaging in narrative inquiry / (Record no. 366762)

[ view plain ]
MARC details
000 -LEADER
fixed length control field 00647nam a22002057a 4500
003 - CONTROL NUMBER IDENTIFIER
control field 0
005 - DATE AND TIME OF LATEST TRANSACTION
control field 20241119105239.0
008 - FIXED-LENGTH DATA ELEMENTS--GENERAL INFORMATION
fixed length control field 241119b xxu||||| |||| 00| 0 eng d
020 ## - INTERNATIONAL STANDARD BOOK NUMBER
International Standard Book Number 9781032146102
050 ## - LIBRARY OF CONGRESS CALL NUMBER
Classification number H 61.295
Item number .C53 2023
100 ## - MAIN ENTRY--PERSONAL NAME
Personal name Clandinin, D. Jean,
Relator term author.
245 ## - TITLE STATEMENT
Title Engaging in narrative inquiry /
Statement of responsibility, etc D. Jean Clandinin.
250 ## - EDITION STATEMENT
Edition statement 2nd ed.
260 ## - PUBLICATION, DISTRIBUTION, ETC. (IMPRINT)
Place of publication, distribution, etc New York, NY :
Name of publisher, distributor, etc Routledge,
Date of publication, distribution, etc 2023.
300 ## - PHYSICAL DESCRIPTION
Extent ix, 166 p. :
Other physical details ill. ;
Dimensions 26 cm.
504 ## - BIBLIOGRAPHY, ETC. NOTE
Bibliography, etc Includes bibliographical references and index.
650 ## - SUBJECT ADDED ENTRY--TOPICAL TERM
Topical term or geographic name as entry element Narrative inquiry (research method).
650 ## - SUBJECT ADDED ENTRY--TOPICAL TERM
Topical term or geographic name as entry element Social sciences
Form subdivision Research
General subdivision Methodology.
942 ## - ADDED ENTRY ELEMENTS (KOHA)
Source of classification or shelving scheme Library of Congress Classification
Koha item type Books
Holdings
Withdrawn status Lost status Source of classification or shelving scheme Damaged status Home library Current library Shelving location Date acquired Source of acquisition Sub Shelving location Total Checkouts Full call number Barcode Date last seen Price effective from Koha item type
    Library of Congress Classification   College Library College Library Reserve Section 11/19/2024 Library Fund     H 61.295 .C53 2023 C24019 11/19/2024 11/19/2024 Books

Engaging in narrative inquiry /

APA

Clandinin D. J., . (2023). Engaging in narrative inquiry. New York, NY: Routledge.

Chicago

Clandinin D Jean, . 2023. Engaging in narrative inquiry. New York, NY: Routledge.

Harvard

Clandinin D. J., . (2023). Engaging in narrative inquiry. New York, NY: Routledge.

MLA

Clandinin D Jean, . Engaging in narrative inquiry. New York, NY: Routledge. 2023.

  • Place hold
  • Print
  • Cite
  • Add to your cart (remove)
  • Save record
    BIBTEX Dublin Core MARCXML MARC (non-Unicode/MARC-8) MARC (Unicode/UTF-8) MARC (Unicode/UTF-8, Standard) MODS (XML) RIS
  • More searches
    Search for this title in:
    Other Libraries (WorldCat) Other Databases (Google Scholar) Online Stores (Bookfinder.com) Open Library (openlibrary.org)

Exporting to Dublin Core...

SOUTHVILLE LIBRARY

Southville International School and Colleges Library

1281 Tropical Ave. Cor. Luxembourg St., BF Homes International, Las Pinas City

Tel. No. 8256374 / 252358 Loc. 117/146

Powered by Koha